| 000 | 01377 a2200337 4500 | ||
|---|---|---|---|
| 003 | OSt | ||
| 005 | 20180116192342.0 | ||
| 008 | 120530t xxu||||| |||| 00| 0 eng d | ||
| 010 | _a 2003020043 | ||
| 020 | _a1580931308 | ||
| 020 | _a981580931304 | ||
| 040 | _c0 | ||
| 082 | 0 | 0 | _a709.2241 |
| 100 | 1 |
_aSmithson, Alison Margaret. _92558 |
|
| 245 | 1 | 4 |
_aThe charged void--urbanism / _cAlison and Peter Smithson. |
| 260 |
_aNew York, N.Y : _bMonacelli Press, _c2005. |
||
| 300 |
_a351 p. : _bill. ; _c28 cm. |
||
| 500 | _aCompanion volume to The charged void--architecture. | ||
| 500 | _aIncludes index. | ||
| 600 | 1 | 0 |
_aSmithson, Alison Margaret _xThemes, motives. _92559 |
| 600 | 1 | 0 |
_aSmithson, Peter, _d1923-2003 _xThemes, motives. _92560 |
| 650 | 0 |
_aCity planning _xHistory _y20th century _92561 |
|
| 650 | 0 |
_aArchitecture, Modern _y20th century _92562 |
|
| 700 | 1 |
_aSmithson, Peter, _d1923-2003. _92563 |
|
| 700 | 1 |
_aSmithson, Alison Margaret. _92564 |
|
| 856 | 4 | 1 |
_3Table of contents _uhttp://www.loc.gov/catdir/toc/ecip048/2003020043.html |
| 856 | 4 | 1 |
_3Contributor biographical information _uhttp://www.loc.gov/catdir/enhancements/fy0835/2003020043-b.html |
| 856 | 4 | 1 |
_3Publisher description _uhttp://www.loc.gov/catdir/enhancements/fy0835/2003020043-d.html |
| 942 |
_aSADA _cBK _k709.2214 SMI 2005 _2ddc |
||
| 999 |
_c352713 _d352713 |
||